000 00252nam a2200097Ia 4500
001 662940
005 20250826160203.0
008 250824s9999 xx 000 0 und d
245 0 _aEce Yüce/Yüce Kim Biliyor musunuz
_cGülten Dayıoğlu
260 _bALTIN
999 _c662940
_d662940